000 00258nam a22000977a 4500
008 230609b |||||||| |||| 00| 0 eng d
020 _a9780603576713
100 _aBrallier Max
_97685
245 _aThe Last Kids on Earth-1
260 _aUnited States
_bViking
_c2015
999 _c12319
_d12319